| 000 | 00627nam a2200217Ia 4500 | ||
|---|---|---|---|
| 005 | 20250508165302.0 | ||
| 008 | 008 250505s9999 xx 000 0 eng d | ||
| 020 | _a978-1-118-36062-0 | ||
| 037 | _aReference | ||
| 040 |
_aFEDL _beng _cFEDL |
||
| 041 |
_aeng _2eng |
||
| 084 |
_a001.642, BOT/RR _qFEDL |
||
| 100 |
_aBott Ed _9497969 |
||
| 245 | 0 | _aMicrosoft office 2010: Inside out | |
| 260 |
_aNew Delhi, India _bPHI Learning Private Limited _c2011 |
||
| 300 | _axxiv, 934p. | ||
| 365 |
_aINR _b795 |
||
| 700 |
_a Siechert Carl _9780395 |
||
| 942 |
_cREF _h001.642, BOT/RR |
||
| 999 |
_c1394224 _d1394224 |
||